La infancia de un jefe /
Guardado en:
| 主要作者: | |
|---|---|
| 格式: | 圖書 |
| 語言: | 西班牙语 |
| 出版: |
México :
Alianza : CONACULTA,
1995, c1995
|
| 叢編: | (Alianza Cien) [s.n.]
|
| 主題: | |
| 標簽: |
沒有標簽, 成為第一個標記此記錄!
|
MARC
| LEADER | 00000nam^a2200000^a^4500 | ||
|---|---|---|---|
| 001 | 000373030 | ||
| 005 | 20250521000000.0 | ||
| 009 | 20260310120028.454 | ||
| 020 | |a 968-39-1239-7 | ||
| 037 | |a Acervo Xavier Clavigero | ||
| 041 | |a ESP | ||
| 082 | |a 843. |b SAR | ||
| 100 | |a Sartre, Jean-Paul |e (autor) | ||
| 240 | 1 | 4 | |a [La infancia de un jefe] |
| 245 | 1 | 3 | |a La infancia de un jefe / |c J.P. Sartre ; pról. de G. de Torre ; tr. por Augusto Díaz Carbajal. |
| 264 | 4 | |a México : |b Alianza : |b CONACULTA, |c 1995, c1995 | |
| 300 | |a 95 p. | ||
| 336 | |a texto |b txt |2 rdacontenido | ||
| 337 | |a sin mediación |b n |2 rdamedio | ||
| 338 | |a volumen |b nc |2 rdasoporte | ||
| 440 | 1 | |a (Alianza Cien) [s.n.] | |
| 500 | |a Traducción de: L'enfance d'un chef | ||
| 545 | 0 | |a Jean-Paul Sartre (1905-1980) fue el líder indiscutible del existencialismo. Sin embargo, su notoriedad no viene sólo de su pensamiento filosófico, sino también de su incursión en la literatura, aunque en ésta, evidentemente, también expresa su visión existencialista. Algunas de sus obras son: La imaginación; La náusea; El muro; Lo imaginario; Las moscas; El ser y la nada; La edad de la razón; Los caminos de la libertad; Las manos sucias; Crítica de la razón dialéctica; El diablo y Dios; Las palabras. Obtuvo el Premio Nobel de Literatura en 1964, pero lo rechazó. | |
| 586 | |a Premio Nobel de Literatura 1964 (rechazado por el autor) | ||
| 649 | |a XX | ||
| 650 | |a Novela Francesa | ||
| 650 | |a Literatura Francesa - |y Siglo XX | ||
| 910 | |a Fondo General | ||
| 920 | |a Impresos - Libros | ||
| 930 | |a Colección General | ||
| 940 | |a Literatura | ||
| 905 | |a 101 | ||
| 901 | |a 059344 |b IT1 |c LIT |u 20250521 | ||
| 902 | |a https://opac.biblio.iteso.mx/vufind/Record/000373030 | ||